Teoría y problemas de análisis estructural: con una introducción a las matrices de transporte, flexibilidad y rigidez y sus aplicaciones
Uloženo v:
| Hlavní autor: | |
|---|---|
| Médium: | Kniha |
| Jazyk: | španělština |
| Vydáno: |
Ciudad de México
McGraw-Hill
1973
|
| Edice: | Serie de Compendios Schaum
|
| Témata: | |
| Tagy: |
Přidat tag
Žádné tagy, Buďte první, kdo vytvoří štítek k tomuto záznamu!
|
MARC
| LEADER | 00000nam a2200000 a 4500 | ||
|---|---|---|---|
| 001 | UCV7849 | ||
| 003 | CL-VaPUC | ||
| 008 | 891114e19730000MX |||||||||||||||||spa|d | ||
| 082 | 0 | 4 | |a 624.171 |b TUM |2 21 |
| 100 | 0 | |a Tuma, Jan J |e author |9 301958 | |
| 245 | 1 | 0 | |a Teoría y problemas de análisis estructural: con una introducción a las matrices de transporte, flexibilidad y rigidez y sus aplicaciones |
| 300 | |a 291 p | ||
| 942 | |c BK | ||
| 945 | |d 19891114 00:00:00 | ||
| 260 | |a Ciudad de México |b McGraw-Hill |c 1973 | ||
| 650 | 0 | |a Análisis estructural |9 260661 | |
| 650 | 0 | |a Ingeniería |9 259380 | |
| 650 | 0 | |a Matemáticas para ingenieros |9 259317 | |
| 583 | |a last modification |c 19891114 00:00:00 |k Rodrigo Vera | ||
| 490 | 0 | |a Serie de Compendios Schaum | |
| 999 | |c 213460 |d 213458 | ||
| 952 | |0 0 |1 0 |4 0 |6 624_171000000000000_TUM_1973 |7 0 |8 A |9 195858 |a BIBING |b BIBING |d 2019-11-14 |i 171757K |l 1 |o 624.171 TUM 1973 |p 171757K |r 2025-04-04 |s 2025-03-28 |w 2019-11-14 |y BK |k CCL | ||